States as U.S. First Names - Statistics

General Stats
  • This quiz has been taken 147 times
  • The average score is 6 of 10
Answer Stats
# People % Male State % Correct
78,874 < 1 Georgia
88%
263,942 < 1 Virginia
86%
945 > 99 Washington
68%
10,948 31 Montana
66%
851 < 1 Florida
63%
1,966 6 Arizona
62%
848 < 1 Alaska
58%
2,350 27 Nevada
55%
2,351 46 Indiana
51%
1,141 6 Kansas
46%
No matching quizzes found
Score Distribution
Percent of People with Each Score
Percentile by Number Answered
Your Score History
You have not taken this quiz